000 00732nam a2200289Ia 4500
005 20260324115246.0
008 008 260324s9999 xx 000 0 eng d
020 _a9780429329050
037 _aEBOOK
040 _aCRL
040 _beng
040 _cCRL
041 _2eng
041 _aeng
084 _qCRL
100 _aNicolae Mazilu; Maricel Agop; Ioan Merches
_91153975
245 4 _aThe Mathematical Principles of Scale Relativity Physics
245 4 _bThe Concept of Interpretation
260 _bTaylor and Francis
260 _c2019
365 _a
365 _b370
856 _uhttp://www.taylorfrancis.com/books/9780429329050
942 _cEBOOK
999 _c1744718
_d1744718